| 000 | 00990nam a22002777a 4500 | ||
|---|---|---|---|
| 001 | 741 | ||
| 005 | 20250826094319.0 | ||
| 020 | _aFISTK04863 | ||
| 040 |
_aFISKH _beng _cFISKH _dFISKH |
||
| 050 | _a741.5 | ||
| 082 | _aPZ7.D128 | ||
| 100 | _aDadey, Debbie | ||
| 245 |
_aVampires don't wear polka dots / _cby Deb, Dadey and Marcia Jones ; illustrated by John Steven Gurney |
||
| 250 | _aThe edition first printing, July 2007 | ||
| 260 |
_aNew York : _bScholastic, _c2007. |
||
| 300 |
_a78 pages ; _billustrations, _c20 cm. |
||
| 490 | _aThe adventures of the bailey school kids | ||
| 505 | _aO | ||
| 520 | _aThe third grade at Bailey Elementary was very hard to handle, until a strange new teacher named Mrs. Jeepers arrived. | ||
| 521 |
_a600
_bLexile |
||
| 521 |
_aO
_bRaz-Plus |
||
| 650 |
_aVampire _vBailey School Kids _xchildren's fiction |
||
| 650 |
_amonsters _vThe Adventures of the Bailey School Kids |
||
| 700 | _aGurney, John Steven | ||
| 942 |
_2ddc _cBK _n0 |
||
| 999 |
_c741 _d741 |
||